XXVII Vuelta Ciclista a Cataluña : del 7 al 14 de Septiembre de 1947 : VII Gran Premio Pirelli : U.D. de Sans con la colaboración de El Noticiero universal : [programa oficial] del 7 al 14 de Septiembre de 1947 :
Descripción Física:
[160] p., [1] f. pleg. : il.; 17 x 25 cm
Otros Autores:
Unión Deportiva de Sans. Sección de Ciclismo
Materias:
Ciclisme -- Catalunya
MARC
| LEADER | 00000nam a2200000Ia 4500 | ||
|---|---|---|---|
| 001 | 21895 | ||
| 008 | 160829s1947 xx 000 0 cat d | ||
| 080 | |a P-1-90 | ||
| 245 | |a XXVII Vuelta Ciclista a Cataluña : |b del 7 al 14 de Septiembre de 1947 : |b VII Gran Premio Pirelli : |b U.D. de Sans con la colaboración de El Noticiero universal : |b [programa oficial] | ||
| 260 | |a Barcelona : |b UDS, |c 1947 | ||
| 300 | |a [160] p., [1] f. pleg. : |b il.; |c 17 x 25 cm | ||
| 590 | |a Prové de Q-74, exp. 71 | ||
| 650 | |a Ciclisme |x Catalunya |9 21486 | ||
| 700 | |a Unión Deportiva de Sans. Sección de Ciclismo |9 47979 | ||
| 901 | |a Arxiu | ||
| 942 | |n 1 | ||
| 952 | |0 0 |1 0 |4 0 |6 P190 |7 1 |9 54251 |a Arxiu |b Arxiu |d 2016-12-01 |l 0 |o P-1-90 |p 21895 |r 2016-12-01 00:00:00 |w 2016-12-01 |y ARXIU | ||
| 999 | |c 58120 |d 58120 | ||